A szociálizmus és a közélet

Saved in:
Bibliographic Details
Format: Book
Language:Hungarian
Published: Budapest Grill Károly 1910
Tags: Add Tag
No Tags, Be the first to tag this record!

MARC

LEADER 00000nam a2200000 4500
001 0306944
005 20250211110908.4
041 0 |a hun 
044 |a HU 
245 1 0 |a A szociálizmus és a közélet  |c A. A. Isszaieff 
264 1 |a Budapest  |b Grill Károly  |c 1910